000 01061nam a22003017a 4500
005 20260323172007.0
008 260323b |||||||| |||| 00| 0 eng d
020 _a9789348179289
037 _cTB
040 _aLCT
_cLCT
_dLCT
041 _2eng
_aeng
_heng
084 _aZ2,75,15 M0;R5
100 _aKelkar, R V
_9784428
245 _aR.V. Kelkar's Lectures on Criminal Procedure:
_bbased on Bharatiya Nagarik Suraksha Sanhita, 2023 (Including Probation and Juvenile Justice)/
250 _a7th ed.
260 _aLucknow, India:
_b Eastern Book Company(EBC),
_c2025
300 _aLxxxvi, 487p.
365 _b675
_cINR
650 _a Criminal Courts
_9784429
650 _a Criminal Law (Amendment) Act, 2018
_9784430
650 _aCriminal Procedure
_9784431
650 _aCriminal Cases
_9784432
650 _aOffences
_9784433
650 _aPre-trial Proceedings
_9784434
700 _aThomas, Renjith
700 _aJagani, Devi
942 _2CC
_cTB
_hZ2,75,15 M0;R5
_n0
999 _c1726446
_d1726446